000 05584cam a22018614i 4500
003 PE-LiUPU
005 20250813165439.0
008 150623s r 000 0 d
035 _a(Sirsi) a22050
040 _aPE-LiUPU
_bspa
_cPE-LiUPU
_erda
082 0 4 _a618.97
_bV65
_221
082 0 4 _a618.97
_bV65 1999
100 1 _aVílchez Vera, Carlos Humberto,
_eautor.
245 1 0 _aGeriatría clínica /
_cCarlos Humberto Vílchez Vera.
264 1 _aLima :
_bUniversidad Peruana Unión,
_c1999.
300 _a267 páginas :
_bilustraciones fotos ;
_c25 cm.
336 _atext
_2rdacontent
337 _aunmediated
_2rdamedia
338 _avolume
_2rdacarrier
504 _aIncluye bibliografía.
505 0 _aLa tercera edad y la geriatría. -La gerontología. -Teorías del envejecimiento. -Antioxidantes. -Anciano sano. -Infecciones en el adulto mayor. -Frente a la infección, como actúa el organismo del adulto. -Antibiótico terapia en pacientes adultos mayores. -Enfermedades metabólicas del adulto mayor. -Menopausia. -Osteoporosis en el adulto mayor. -Enfermedades cardiovasculares en el adulto mayor. -Enfermedades degenerativas arteriales en el adulto mayor. -Enfermedades del riñón en el edulto mayor. -Alteraciones hidroelectrolíticas y desequilibrio ácido básico. -Deshidratación en el adulto mayor. -Oncología geriátrica. -Enfermedades neurosíquicas en el adulto mayor. -Emergencias geriátricas. -farmacoterápia en geriatría.
526 _aP203
526 _aP200
526 _aSEG65
526 _aSEG64
526 _aSEG63
526 _aSEG62
526 _aSEG61
526 _aSEG60
526 _aSEG59
526 _aSEG58
526 _aSEG57
526 _aSEG56
526 _aSEG55
526 _aSEG54
526 _aSEG53
526 _aSEG52
526 _aSEG51
526 _aSEG50
526 _aSEG49
526 _aSEG48
526 _aSEG47
526 _aSEG46
526 _aSEG24
526 _aSEG23
526 _aSEG22
526 _aSEG21
526 _aSEG20
526 _aSEG19
526 _aSEG18
526 _aSEG17
526 _aSEG16
526 _aSEG14
526 _aSEG13
526 _aSEG12
526 _aSEG11
526 _aSEG10
526 _aSEG09
526 _aSEG06
526 _aSEG05
526 _aSEG04
526 _aSEG03
526 _aSEG02
526 _aSEG68
526 _aSEG66
526 _aSEG45
526 _aSEG25
526 _aSEG01
526 _aP163
526 _aP162
526 _aP161
526 _aP160
526 _aP159
526 _aP158
526 _aP157
526 _aP156
526 _aP155
526 _aP154
526 _aP153
526 _aP152
526 _aP151
526 _aP150
526 _aP149
526 _aP142
526 _aP141
526 _aP140
526 _aP139
526 _aP138
526 _aP137
526 _aP132
526 _aP131
526 _aP130
526 _aP126
526 _aP125
526 _aP124
526 _aP123
526 _aP115
526 _aP122
526 _aP121
526 _aP116
526 _a P114
526 _aP112
526 _aP111
526 _aP104
526 _aP103
526 _aP102
526 _aP101
526 _aP100
526 _aP96
526 _aP95
526 _aP93
526 _aP92
526 _aP91
526 _aP88
526 _aP83
526 _aP82
526 _aP79
526 _aP78
526 _aP75
526 _aP74
526 _aP71
526 _aP69
526 _a P51
526 _aP49
526 _aP48
526 _aP47
526 _aP33
526 _aP31
526 _a P30
526 _aP29
526 _aP27
526 _aP26
526 _aP25
526 _aP24
526 _a P22
526 _aP10
526 _aP09
526 _a P08
526 _aP06
526 _aP05
526 _aP04
526 _aP01
650 0 4 _aGeriatría.
942 _2ddc
_cBOOK
949 _a618.97 V65
_wDEWEY
_c1
_i45704
_lCCODEBUL1
_mBUL
_p00.00
_r0
_sY
_tBOOK
_u2015-06-24
_xSALUD
_zUNKNOWN
_0COMPRA
_o.STAFF. Colección General
949 _a618.97 V65
_wDEWEY
_c2
_i45703
_lCCODEBUL1
_mBUL
_p00.00
_r0
_sY
_tBOOK
_u2015-06-24
_xSALUD
_zUNKNOWN
_0COMPRA
_o.STAFF. Colección General
949 _a618.97 V65
_wDEWEY
_c1
_iFT01590
_lCCODEBUT1
_mBUT
_p{Dolar}10.00
_r0
_sY
_tBOOK
_u2015-06-24
_xFSALUD
_PP33
_0COMPRA
_o.STAFF. Colección General
596 _a1 2
999 _a618.97 V65
_wDEWEY
_c22581
_i45704
_f2019-12-11
_g4
_lDISCARD
_mBUL
_r1
_sY
_tBOOK
_u2015-6-24
_xSALUD
_zUNKNOWN
_0COMPRA
_o.STAFF. Colección General
_d22581
999 _a618.97 V65
_wDEWEY
_c2
_i45703
_f2019-12-11
_g4
_lDISCARD
_mBUL
_r1
_sY
_tBOOK
_u2015-6-24
_xSALUD
_zUNKNOWN
_0COMPRA
_o.STAFF. Colección General
999 _a618.97 V65
_wDEWEY
_c3
_i74754
_d2018-5-29
_f2021-11-4
_g5
_lCCODEBUL1
_mBUL
_p30.00
_q1
_r0
_sY
_tBOOK
_u2016-10-5
_xSALUD
_PP30
_0DONACION
_o.STAFF. Colección Ciencias de la Salud
999 _a618.97 V65
_wDEWEY
_c4
_i73465
_d2019-3-18
_e2019-3-15
_f2021-11-4
_g5
_lCCODEBUL1
_mBUL
_n2
_p30.00
_r0
_sY
_tBOOK
_u2016-10-5
_xSALUD
_PP30
_0DONACION
_o.STAFF. Colección Ciencias de la Salud
999 _a618.97 V65 1999
_wDEWEY
_c1
_iFT01590
_f2019-2-20
_g1
_lCCODEBUT1
_mBUT
_p10.00
_r0
_sY
_tBOOK
_u2018-4-10
_xSALUD
_PP33
_0COMPRA
_o.STAFF. Colección general
980 _81
_gALBERTO SANCHEZ Responsable de Automatización